02629nam a2200301 4500001000800000007000300008008004100011040000800052041000800060100005100068245012000119300002000239520148600259650002601745650002801771650004101799650001701840700004601857700003801903700005201941700004301993700003902036700004902075700004002124773011502164942003102279999001702310ESSALUDta t2026 pe ||||| |||| 00| 0 spa d aBMG aspa aCastro Núñez, Michael Bryanteautor952683 aFactores asociados a la resistencia de eritropoyetina en pacientes con enfermedad renal crónica en hemodiálisis apáginas 16-24 aLos pacientes con enfermedad renal crónica (ERC) desarrollan resistencia a la eritropoyetina (αEPO), un evento asociado con la mortalidad. El objetivo del estudio fue identificar los factores que generan resistencia a αEPO en ERC en hemodiálisis (HD). Diseño longitudinal, retrospectivo y analítico. Se analizó una muestra de 56 pacientes con ERC en HD. Para determinar la resistencia a αEPO se calculó el índice de resistencia a la eritropoyetina (IRE). Se midió el hierro sérico y se clasificó a los pacientes con resistencia absoluta cuando mostraron saturación de transferrina (ST)< 10%, hemoglobina (Hb) < 11 e IRE ≥ 9,06, o con resistencia relativa cuando la ST estuvo entre 10 – 20%, Hb < 11 e IRE ≥ 9,06. Se detectó resistencia a la αEPO en el 28,5% de los pacientes. La prevalencia de anemia fue de 41,1%, de los cuales el 69,6% presentó IRE alta. El grupo de IRE alta mostró una elevada asociación con ferritina y calcio sérico; mientras que la concentración de hierro sérico es más baja (8,9 µM/L; 6,6 – 13,2). Los factores de riesgo asociados a IRE fueron: Hb <11 (OR=2,31; p<0,020) y ferritina (OR=1,001; p<0,001). El estudio evidenció una elevada resistencia a αEPO y una deficiencia de hierro sérico en pacientes con ERC en HD. El IRE alto se asoció significativamente con Hb, hierro, calcio sérico, ferritina. La concentración de hierro sérico actúa como factor protector de la resistencia a αEPO. aERITROPOYETINA948333 aDIÁLISIS RENAL911785 aINSUFICIENCIA RENAL CRÓNICA912357 aHIERRO96617 aGoyoneche Linares, Gabrielaeautor952684 aGranda Alacote, Anaeautor952685 aMurillo Carrasco, Alexis Germáneautor952682 aRufasto Goche, Katherineeautor952686 aLiendo Liendo, Cesareautor952687 aArrunátegui Correa, Víctoreautor952688 aDiaz-Obregón, Daysieautor9526890 022497922595dLima : IETSIoCITES01tCiencia y Tecnología aplicada a la Salud PúblicawESSALUDx3119-7981 cARTICULOSe2026-06-11zAFC c22518d22518